000 00428nam a2200121 4500
082 _a672ZHA
100 _aZhang, Liuyi
245 _aMelting and Mixing of Alloying Agents in Steel Melts: Methods of Mathematical Modelling
260 _aGermani:
_bSTAHL EISEEN,
_c1999.
300 _a110p. ;
856 _uhttp://books.google.com.pk/books/about/Melting_and_Mixing_of_Alloying_Agents_in.html?id=A1atPQAACAAJ&redir_esc=y
942 _cBK
999 _c7298
_d7298